| 000 | 01076nam a2200253Ia 4500 | ||
|---|---|---|---|
| 999 |
_c34881 _d34881 |
||
| 001 | 702 | ||
| 003 | GE_BSU | ||
| 005 | 20200421202836.0 | ||
| 008 | 181216s1997ge xx |||||||||||||| ||geo|| | ||
| 040 | _cGE_BSU | ||
| 041 | _ageo | ||
| 080 | _a576.8(075.8) მ–43 | ||
| 100 |
_aმაჭავარიანი, ნ; _9545 |
||
| 245 |
_aსამედიცინო პარაზიტოლოგია : _b [სახელმძღვ.] / _cნ. მაჭავარიანი ; ც. გიგინეიშვილი. |
||
| 260 | _aთბილისი | ||
| 264 |
_aთბილისი, _c1997. |
||
| 300 |
_a353 გვ.: _bილ. ; _c20 სმ. |
||
| 500 | _aტერმინთა მოკლე ლექსიკონი: გვ. 342-351 | ||
| 521 | _aყდაზე ავტ. მითითებული არ არიან. | ||
| 653 | _aმედიცინა | ||
| 653 | _aსამედიცინო პარაზიტოლოგია | ||
| 700 |
_aგიგინეიშვილი, ც _9546 |
||
| 942 |
_cBK _2udc |
||